000 00383 a2200157 4500
001 74671
020 _a9788535634075
040 _cAnchieta - Colégio São Paulo
100 _aBag, Mario
240 1 0 _aMitos e lendas do folclore do Brasil
_lpor
245 1 0 _aMitos e lendas do folclore do Brasil
300 _a60
362 0 _a2013
650 4 _aLiteratura infantil
942 _cBK
999 _c74671
_d74671